000 00362nam a2200133 i 4500
001 bg
100 1 _aSTĘPNIEWSKA, Barbara
245 0 _aZieleń towarzysząca architekturze i urbanistyce w starożytności /
_cBarbara Stępniewska.
260 _aWrocław,
_c1975.
040 _cBPK
041 _apol
942 _cKS
008 s pl f |000 0 pol
999 _c16073
_d16073
856 _uhttp://koha.tu.koszalin.pl/cgi-bin/koha/opac-detail.pl?biblionumber=16073
_yKatalog online BPK